Az ősvilág állatóriásai /

Hlavní autor: Augusta, Josef, 1903-1968
Další autoři: Zólyomi, Antal, 1902-1986
Jazyk: Maďarština
Vydáno: Bratislava : Tatran, 1966
Vydání: 1. kiad
Fyzický popis: 356 s., [5] l. obr. příl. : il.
Knihy
Uloženo v:
LEADER 00808nam a22002532a 4500
001 001356961
003 CZ BrMZK
005 20140103135336.0
007 ta
008 140103s1966 xo af er|||||||||||hun d
040 |a BOA001  |b cze 
041 1 |a hun  |h cze 
100 1 |a Augusta, Josef,  |d 1903-1968  |7 jk01010421  |4 aut 
245 1 3 |a Az ősvilág állatóriásai /  |c Josef Augusta ; fordította Antal Zólyomi 
250 |a 1. kiad 
260 |a Bratislava :  |b Tatran,  |c 1966 
300 |a 356 s., [5] l. obr. příl. :  |b il. 
500 |a Přeloženo z češtiny 
700 1 |a Zólyomi, Antal,  |d 1902-1986  |7 mzk2010473998  |4 trl 
765 0 |t Zvířata pravěku  |9 Maďarsky 
910 |a BOA001  |b 2-0565.889 
990 |a BK 
991 |b 201312 
996 7 |b 2619024250  |c 2-0565.889  |l HP2  |r DEN  |n 0  |w 001391597  |u 000010  |a 1  |e BOA001  |j MZK50  |s A